000 01143cab a22002055a 4500
001 L152615
008 110405e20110401xxk 000 0 eng d
035 _a(Sirsi) u152615
041 0 _aeng
100 1 _aPhillips, Mike
245 0 0 _aOverseas investors are regions' best hope
260 _c2011
490 0 _aProperty Week
_v77(13) 1 April 2011, 26(1)
520 _aA new CoStar report predicts that the UK's regional commercial property markets have reached a tipping point and that foreign investors could bring the provinces out of the doldrums. A slow improvement in investor activity in 2010 has continued in the first three months of 2011. Regional office transactions in 2010 reached £3.5bn (£3bn in 2009). Costar forecasts strong regional rental gains over the next five years, averaging 19% across regional office and 14% across retail markets. The London market remains propped up by foreign capital.
590 _aKA
651 4 _aUnited Kingdom
_y
690 _aPROPERTY-COMMERCIAL PROPERTY-COMMERCIAL PROPERTY MARKET
690 _aPROPERTY-COMMERCIAL PROPERTY-COMMERCIAL PROPERTY FINANCE AND INVESTMENT
942 _n0
999 _c83027
_d83027